000 00577nam a2200217Ia 4500
003 OSt
005 20230505112236.0
008 210423s1976 xx 000 0 und d
020 _a82476425
040 _cAL
041 _aeng
082 _a574.1925
_223
_bGUIH
100 _aGUILBAULT (George G)
_998621
245 _aHandbook of enzymatic methods of analysis
260 _aNew York
_bOxford University Press
_c1976
300 _axi,738
_bBound
365 _cINR
650 _aEnzymes
_998622
906 _aanalysis. ; enzymatic ; Handbook ; methods
942 _2ddc
_cBK
999 _c171241
_d171241